00149 a2200073 4500020001800000100001700018245002000035260002000055 a9780262537520 aGreengard S. aVirtual Reality bMIT Pressc2019